Ends in "-ake" - Statistics

General Stats
  • This quiz has been taken 65 times
  • The average score is 19 of 22
Answer Stats
Hint Answer % Correct
Not real, like some news Fake
100%
A large body of water, either fresh or salt Lake
100%
To create that sweet dessert, put it in the oven to do this Bake
98%
A vital component for stopping your car Brake
98%
A sweet dessert, popular at birthday parties Cake
98%
Japanese rice wine, often served warm Sake
98%
To remove something, as opposed to give Take
98%
To emerge from sleep, or a memorial vigil for the dearly departed Wake
98%
To move vigorously up and down, or from side to side, like a martini Shake
97%
A python, or a boa constrictor, or a rattler Snake
97%
Basic unit for snow and dandruff Flake
92%
To create or fabricate something Make
90%
A seismic event, common in Japan and California. A "temblor" Earthquake
88%
A common yard implement, to use that implement, or a rascally rogue Rake
88%
A male duck, an English explorer or a popular Canadian rapper Drake
86%
An error, honest! Mistake
83%
First name of a Blues Brother, boxer LaMotta or YouTuber Paul Jake
78%
A wooden peg, popular with campers, less so with vampires Stake
73%
"Pink Panther" director Edwards, M*A*S*H colonel Henry, Country star Shelton Blake
63%
A popular species of saltwater fish Hake
49%
To abandon or renounce someone Forsake
39%
To indulge in or share Partake
39%
No matching quizzes found
Score Distribution
Percent of People with Each Score
Percentile by Number Answered
Your Score History
You have not taken this quiz